| 000 | 00463cam a2200169ua 4500 | ||
|---|---|---|---|
| 041 |
_aeng _h |
||
| 082 |
_a028.76631 _bSIN/DI |
||
| 100 | _aSingh, G . | ||
| 245 |
_aDirectory of agricultural machinery and manufacturers / _cG Singh. _hTextual Documents |
||
| 250 |
_a1 / _b. |
||
| 260 |
_a : _bCentral Institute of Agricultural Engineering , _c1985. |
||
| 300 | _a245 ; . | ||
| 504 | _a | ||
| 700 | 1 | _aBharadwaj, K C . | |
| 942 | _cBK | ||
| 999 |
_c10888 _d10888 |
||